| 000 | 01073nam a22002897a 4500 | ||
|---|---|---|---|
| 999 |
_c7740 _d7740 |
||
| 003 | AR-CdUCM | ||
| 008 | 190321b ||||| |||| 00| 0 spa d | ||
| 040 |
_aMUNICIPALIDAD PROVINCIAL DEL CUSCO _cBIBLIOTECA MUNICIPAL DEL CUSCO |
||
| 041 | _hger | ||
| 082 |
_a802.08 / _bZ89 |
||
| 100 |
_aZuckmayer, Carl _921869 |
||
| 245 |
_aCarl Zuckmayer : _bobras escogidas / |
||
| 260 |
_aEspaña : _bAguilar, _c1963. |
||
| 300 |
_a1135 páginas ; _bilustraciones ; _c18 cm. |
||
| 440 |
_aBiblioteca de autores modernos. _921870 |
||
| 505 | _aContenido : teatro -- La viña alegre -- El general del diablo -- Katharina Knie -- E capitán de Köpenick -- La luz fría -- Novela -- Salware -- Dueño de la vida y de la muerte. | ||
| 650 |
_aLiteratura alemana _993 |
||
| 650 |
_aTeatro _9173 |
||
| 650 |
_aNovela _95 |
||
| 650 |
_aAlemania _91327 |
||
| 650 |
_aSiglo XX _98 |
||
| 700 |
_aAlvarez Prieto, E. M. (traductor) _921871 |
||
| 700 |
_aKalverkamp, Gerda (traductor) _921872 |
||
| 700 |
_aRamirez, Carlos Martín (traductor) _921873 |
||
| 942 |
_2ddc _cLIBROS |
||
| 945 | _azta | ||